Iná krajina, iná tradícia, iný model
Historicky sformované vzťahy v obecných a lokálnych samosprávach vzdorujú unifikácii. Autor na vybraných príkladoch predstavuje modely usporiadania vzťahov medzi základnými orgánmi obecnej samosprávy. Usporiadanie kompetencií v obci. V Európe existujú tri štandardné modely kreovania funkcie starostu...
Gespeichert in:
| 1. Verfasser: | |
|---|---|
| Format: | Buchkapitel |
| Sprache: | Slowakisch |
| Schlagworte: | |
| Tags: |
Keine Tags, Fügen Sie das erste Tag hinzu!
|
MARC
| LEADER | 00000naa$a2200000$$$4500 | ||
|---|---|---|---|
| 001 | 0105980 | ||
| 005 | 20231016085940.4 | ||
| 041 | 0 | |a slo | |
| 044 | |a SK | ||
| 245 | 1 | 0 | |a Iná krajina, iná tradícia, iný model |c Daniel Klimovský |
| 520 | |a Historicky sformované vzťahy v obecných a lokálnych samosprávach vzdorujú unifikácii. Autor na vybraných príkladoch predstavuje modely usporiadania vzťahov medzi základnými orgánmi obecnej samosprávy. Usporiadanie kompetencií v obci. V Európe existujú tri štandardné modely kreovania funkcie starostu. V jednej krajine môže existovať viac modelov usporiadania vzťahov medzi základnými orgánmi obecnej samosprávy. Hľadanie optimálneho riešenia. | ||
| 610 | 2 | 0 | |a samospráva |
| 610 | 2 | 0 | |a obce |
| 610 | 2 | 0 | |a starostovia |
| 610 | 2 | 0 | |a zastupiteľstvá obecné |
| 610 | 2 | 0 | |a modely |
| 610 | 2 | 0 | |a Európa |
| 100 | 1 | |a Klimovský, Daniel | |